Troilus and Cressida: Song (Lyric quiz) Stats

 Plays Quiz not verified by Sporcle

Score 0/78 Timer 07:00
0 Plays Today
Lyrics % Correct
PANDARUS
100%
In good troth,
100%
it begins so.
100%
Act 3:1:113-125
100%
The
87.5%
the
87.5%
the
87.5%
O,
50%
and
50%
it
50%
'O
50%
'O
50%
'O
50%
'O
50%
Love,
37.5%
love,
37.5%
love,
37.5%
love,
37.5%
For,
37.5%
that
37.5%
that
37.5%
to
37.5%
to
37.5%
he!'
37.5%
love
37.5%
out
37.5%
for
37.5%
nothing
25%
but
25%
still
25%
still
25%
more!
25%
love's
25%
doe.
25%
Not
25%
But
25%
still
25%
These
25%
ho!'
25%
Lyrics % Correct
they
25%
which
25%
ho!'
25%
'Ha
25%
ha
25%
So
25%
still.
25%
ho!'
25%
but
25%
'Ha
25%
ha
25%
ha!'
25%
ho!'
25%
'ha
25%
ha
25%
ha!'-
25%
Hey
25%
ho!
25%
bow
12.5%
Shoots
12.5%
buck
12.5%
(shaft
12.5%
confounds)
12.5%
wounds
12.5%
tickles
12.5%
sore.
12.5%
lovers
12.5%
cry
12.5%
die,
12.5%
Yet
12.5%
seems
12.5%
wound
12.5%
kill
12.5%
Doth
12.5%
turn
12.5%
dying
12.5%
lives
12.5%
awhile,
12.5%
groans
12.5%

You're not logged in!

Compare scores with friends on all Sporcle quizzes.
Join for Free
OR
Log In

You Might Also Like...

Show Comments

Extras

Top Quizzes Today


Score Distribution

Your Account Isn't Verified!

In order to create a playlist on Sporcle, you need to verify the email address you used during registration. Go to your Sporcle Settings to finish the process.

Report this User

Report this user for behavior that violates our Community Guidelines.

Details: